000
00325 a2200121 4500
000
nam a22 7a 4500
005
20260507135102.0
020
_a
9783031578199
100
_a
Wei Jiang
245
_a
Cellular Communication Networks and Standards: The Evolution from 1G to 6G
260
_b
Springer
_c
2024
942
_c
TEXL
999
_c
1851102
_d
1851102